00742nam a2200241 a 4500001001300000003000900013005001700022008004100039020001000080082001300090100001700103245005700120260004900177300000900226500003500235505004400270650002500314700001700339902000800356942000700364952011400371999001500485nice12345678IN_TiNIC20260116012907.0050524s1982 swia grp 000 0 eng  ac10000a270bSAB aSabev, Todor aSofia Consultationb Orthodos Involvement in the Wcc aSwitzerlandbWorld Council of Churchesc1982 a128p aincludes index and biblioraphy2 aAppendix, Glossary, Bibliography, Index aChristian-Literature1 aSabev, Todor bSRS cBK 001040708StackRoom-aHMIbHMId2007-07-17g100.00l0o270 SABp011668r2007-07-17v100.00w2005-05-24yBK c8785d8785